Financial Company Logos - Picture Quiz - Statistics

General Stats
  • This quiz has been taken 117 times
  • The average score is 9 of 16
Answer Stats
Picture Answer % Correct
PayPal
93%
Mastercard
91%
American Express
90%
Bank of America
73%
Barclays
68%
HSBC
67%
Wells Fargo
61%
BNP Paribas
59%
Santander Group
59%
ING Group
55%
Allianz
54%
Deutsche Bank
54%
JP Morgan
44%
Standard Chartered
35%
MetLife
18%
Manulife
11%
No matching quizzes found
Score Distribution
Percent of People with Each Score
Percentile by Number Answered
Your Score History
You have not taken this quiz